Most Common Names For World Leaders - Statistics

General Stats
  • This quiz has been taken 19 times
  • The average score is 3 of 20
Answer Stats
Main Gender Ranking Among Gender Name Leader of... % Correct
Masculine #150 Emmanuel a
57%
Masculine #5 William a
50%
Masculine #50 Charles a
43%
Masculine #9 Michael a
43%
Feminine #741 Claudia a
29%
Masculine #8 Alexander a
21%
Masculine #106 Luis a
21%
Masculine #12 Daniel a
14%
Masculine #80 Jose a
14%
Feminine #793 Christine a
7%
Feminine #1,147 Xiomara a
7%
Feminine #1,459 Dina a
0%
Feminine #5,407 Hilda a
0%
Masculine #31 Isaac a
0%
Masculine #21 Joseph a
0%
Feminine #556 Maia a
0%
Feminine #4,837 Myriam a
0%
Feminine #13,698 Natasa a
0%
Feminine #1,962 Samia a
0%
Feminine #831 Sandra a
0%
No matching quizzes found
Score Distribution
Percent of People with Each Score
Percentile by Number Answered
Your Score History
You have not taken this quiz